| 000 | 00627nam a2200229Ia 4500 | ||
|---|---|---|---|
| 008 | 181129s9999 xx 000 0 und d | ||
| 020 | _a9780545645249 | ||
| 050 | _bC547 2013 | ||
| 100 | _aCholdenko, Gennifer | ||
| 245 | 0 | _aAl Capone does my homework : | |
| 245 | 2 | _ba tale from Alcatraz / | |
| 245 | 0 | _cby Gennifer Choldenko. | |
| 260 | _aNew York, NY : | ||
| 260 | _bScholastic, | ||
| 260 | _c2013 | ||
| 300 | _a212 pages : | ||
| 300 | _billustrations ; | ||
| 300 | _c19cm. | ||
| 650 | _aAlcaraz Island (California). | ||
| 650 | _aUnited States Penitentiary, Alcaraz Island, California. | ||
| 700 | _aTitle. | ||
| 999 |
_c360284 _d360284 |
||